Ika

Bibliographic Details
Main Author: Ras Adiba Radzi
Format: Book
Published: Kuala Lumpur : Utusan Pub.& Dist Sdn Bhd , 1996
Subjects:

MARC

LEADER 00000cam a2200000 7i4500
001 0000009032
002 000009842
005 20000330.0
020 |a 9676105759 
090 0 0 |a F   |b RAS 
100 0 |a Ras Adiba Radzi 
245 1 0 |a Ika   |c Ras Adiba Radzi 
260 |a Kuala Lumpur :   |b Utusan Pub.& Dist Sdn Bhd ,   |c 1996 
300 |a 150 p. ;   |c 21 cm. 
650 0 0 |a General fiction, Malay 
999 |a 043489   |b BUKU   |c PINJAMAN   |e PERPUSTAKAAN KOMUNITI PETALING JAYA 
999 |a 043491   |b BUKU   |c PINJAMAN   |e PERPUSTAKAAN KOMUNITI PETALING JAYA 
999 |a 044464   |b BUKU   |c FICTION   |e PERPUSTAKAAN KOMUNITI CAW KOTA DAMANSARA 
999 |a 044465   |b BUKU   |c FICTION   |e PERPUSTAKAAN KOMUNITI CAW KOTA DAMANSARA